Statistics for 1950s Movie Quotes Quiz

Click here to take the quiz!

General Stats

  • This quiz has been taken 57 times
  • The average score is 5 of 15

Answer Stats

QuoteMovie% Correct
Stella! Hey, Stella!A Streetcar Named Desire
83%
I coulda had class. I coulda been a contender. I coulda been somebody...On the Waterfront
74%
It's an open and shut case!12 Angry Men
64%
Well, nobody's perfect.Some Like it Hot
62%
Fasten your seatbelts. It's going to be a bumpy night.All About Eve
51%
I am big! It's the pictures that got small!Sunset Boulevard
49%
I am death.The Seventh Seal
26%
Nature, Mr. Allnut, is what we are put in this world to rise above.The African Queen
19%
That'll be the day.The Searchers
13%
One is a wanderer. Two together are always going somewhere.Vertigo
11%
To find these men guilty will be a crime to haunt each of you to the day you die.Paths of Glory
9%
Madness. Madness!The Bridge on the River Kwai
9%
The farmers have won. Not us.Seven Samurai
6%
I may finally lose my faith in the human soul.Rashomon
4%
Your future's all used up.Touch of Evil
4%

Score Distribution

Percentile by Number Answered

Percent of People with Each Score

Your Score History

You have not taken this quiz